| 000 | 01349nam a2200337 a 4500 | ||
|---|---|---|---|
| 001 | ebr10653879 | ||
| 003 | CaPaEBR | ||
| 006 | m u | ||
| 007 | cr cn||||||||| | ||
| 008 | 121227s2013 inua s 001 0 eng d | ||
| 010 | _z 2012956406 | ||
| 020 | _z9781118197349 (pbk. alk. paper) | ||
| 020 | _z1118197348 (pbk. alk. paper) | ||
| 020 | _z9781118228036 (e-book) | ||
| 040 |
_aCaPaEBR _cCaPaEBR |
||
| 035 | _a(OCoLC)828735209 | ||
| 050 | 1 | 4 |
_aQA76.5 _b.G66 2013eb |
| 082 | 0 | 4 |
_a4.165 _223 |
| 100 | 1 | _aGookin, Dan. | |
| 245 | 1 | 0 |
_aPCs for dummies _h[electronic resource] / _cby Dan Gookin. |
| 250 | _a12th ed. | ||
| 260 |
_aIndianapolis, Ind. : _bJohn Wiley & Sons, Inc., _c2013. |
||
| 300 |
_axiv, 346 p. : _bill. |
||
| 500 | _aIncludes index. | ||
| 505 | 0 | _apt. I. Hello, PC! -- pt. II. The nerd's-eye view -- pt. III. Basic computing -- pt. IV. Networking nonsense -- pt. V. Your digital life -- pt. VI. The part of tens. | |
| 533 |
_aElectronic reproduction. _bPalo Alto, Calif. : _cebrary, _d2013. _nAvailable via World Wide Web. _nAccess may be limited to ebrary affiliated libraries. |
||
| 650 | 0 | _aMicrocomputers. | |
| 655 | 7 |
_aElectronic books. _2local |
|
| 710 | 2 | _aebrary, Inc. | |
| 856 | 4 | 0 |
_uhttp://site.ebrary.com/lib/rucke/Doc?id=10653879 _zAn electronic book accessible through the World Wide Web; click to view |
| 999 |
_c76712 _d76712 |
||